header

The Hunger games and philosophy (Record no. 234312)

MARC details
000 -LEADER
fixed length control field 02178nam a2200373 a 4500
082 04 - DEWEY DECIMAL CLASSIFICATION NUMBER
Classification number 813/.6
245 04 - TITLE STATEMENT
Title The Hunger games and philosophy
260 ## - PUBLICATION, DISTRIBUTION, ETC. (IMPRINT)
Place of publication Hoboken, N.J. :
Name of publisher Wiley,
Year of publication 2012.
300 ## - PHYSICAL DESCRIPTION
Number of Pages x, 310 p.
490 1# - SERIES STATEMENT
Series statement The Blackwell philosophy and pop culture series
505 0# - FORMATTED CONTENTS NOTE
Formatted contents note pt. 1. "Having an eye for beauty isn't necessarily a weakness": the art of resisting the capitol -- pt. 2. "We're fickle, stupid beings": hungering for morality in an immoral world -- pt. 3. "I am as radiant as the sun": the natural, the unnatural, and not-so-weird science -- pt. 4. "Peeta bakes. I hunt.": what Katniss can teach us about love, caring, and gender -- pt. 5. "As long as you can find yourself, you'll never starve": how to be yourself when it's all a big show -- pt. 6. "Here's some advice. stay alive.": a tribute's guide to the morality and logic of warfare -- pt. 7. "It must be very fragile if a handful of berries can bring it down": the political philosophy of Coriolanus Snow.
650 #0 - SUBJECT ADDED ENTRY--TOPICAL TERM
Topical Term Philosophy in literature.
700 1# - ADDED ENTRY--PERSONAL NAME
Personal name Dunn, George A.,
Personal name Michaud, Nicolas.
856 40 - ELECTRONIC LOCATION AND ACCESS
Uniform Resource Identifier http://site.ebrary.com/lib/rucke/Doc?id=10531474

No items available.

© 2026 Rongo University
Contact us: librarian | system librarian | Rongo university